Elections: law and practice.

Saved in:
Bibliographic Details
Main Author: Chawla, D D.
Format: Book
Language:English
Published: Delhi : Bahri, 1967.
Subjects:
LEADER 00740nam a22002051 4500
001 c000203762
003 CARM
005 20021125002000.0
008 851113s1967 ii 00000 eng d
019 1 |a 4136757  |z 27740283  |5 LACONCORD2021 
035 |a (OCoLC)16944692  |5 LACONCORD2021 
100 1 |a Chawla, D D. 
245 1 0 |a Elections: law and practice. 
260 |a Delhi :  |b Bahri,  |c 1967. 
650 0 |a Representative government and representation  |z India. 
650 0 |a Elections  |z India. 
852 8 |b CARM  |h A2:AO32A0  |i B06480  |p 0299854  |f BK 
082 0 4 |a 324.54 
999 f f |i 29ce53a2-c018-5d1a-bfee-874d567016f3  |s 72dc6240-1bec-5f16-96c7-1517b34a8b12 
952 f f |p Can circulate  |a CAVAL  |b CAVAL  |c CAVAL  |d CARM 1 Store  |e B06480  |f A2:AO32A0  |h Other scheme  |i book  |m 0299854